Statystyki dla Wszystkie postacie w League Of Legends

Kliknij tutaj aby rozwiązać quiz!

Ogólne statystyki

  • Ten quiz został rozwiązany 13,187 razy
    (1,813 od ostatniego zresetowania)
  • Średni wynik to 107 z 150

Statystyki odpowiedzi

Answer % Correct
Yasuo
92%
Lee Sin
90%
Ashe
89%
Aatrox
89%
Garen
88%
Akali
88%
Ahri
88%
Darius
88%
Zed
87%
Yone
86%
Annie
86%
Lux
86%
Brand
83%
Teemo
82%
Caitlyn
82%
Ezreal
81%
Amumu
81%
Vi
81%
Braum
81%
Blitzcrank
81%
Miss Fortune
80%
Jinx
80%
Jhin
80%
Katarina
79%
Azir
79%
Draven
78%
Bard
78%
Alistar
78%
Lucian
78%
Aphelios
78%
Kha'zix
78%
Anivia
78%
Master Yi
78%
Warwick
77%
Morgana
77%
Aurelion Sol
77%
Leona
76%
Nunu & Willump
76%
Soraka
76%
Thresh
76%
Malphite
75%
Senna
75%
Lillia
75%
Kayn
75%
Ekko
75%
Graves
74%
Rakan
74%
Lulu
74%
Nautilus
74%
Tristana
74%
Sett
74%
Renekton
74%
Pyke
74%
Vayne
74%
Fiora
74%
Yuumi
74%
Kai'sa
74%
Xayah
74%
Jax
74%
Hecarim
73%
Rengar
73%
Irelia
73%
Shen
73%
Nasus
73%
Zyra
73%
camille
73%
Xerath
73%
Fizz
72%
Gangplank
72%
Cho'Gath
72%
Zac
72%
Volibear
72%
Sylas
72%
Ornn
72%
Evelynn
71%
Mordekaiser
71%
Jarvan IV
71%
Sona
71%
Lissandra
70%
Zilean
70%
Zoe
70%
Kayle
70%
Janna
70%
Urgot
70%
Tryndamere
70%
Kalista
70%
Vel'Koz
69%
Veigar
69%
Syndra
69%
Cassiopeia
69%
Gragas
69%
Galio
69%
Maokai
68%
Orianna
68%
Varus
68%
Swain
68%
Karthus
68%
Diana
68%
Ziggs
68%
Heimerdinger
68%
Pantheon
68%
Kassadin
67%
Dr. Mundo
67%
Riven
67%
Xin Zhao
67%
Elise
67%
Twisted Fate
67%
Sivir
67%
Sejuani
67%
Nami
67%
Talon
66%
Rek'sai
66%
Corki
66%
Gnar
66%
Sion
66%
Illaoi
65%
Yorick
65%
Kennen
65%
Kindred
65%
Quinn
65%
Nidalee
65%
Neeko
65%
Viktor
64%
Olaf
64%
Rammus
64%
Twitch
64%
Taric
64%
Ryze
63%
Kog'maw
63%
Vladimir
63%
Ivern
63%
Fiddlesticks
63%
Karma
63%
Shyvana
62%
LeBlanc
62%
Rumble
62%
Tahm Kench
62%
Wukong
62%
Malzahar
61%
Udyr
61%
Singed
61%
Nocturne
60%
Shaco
60%
Poppy
60%
Jayce
60%
Qiyana
59%
Kled
58%
Skarner
57%
Trundle
56%
Taliyah
52%

Rozkład punktacji

Percentyl według liczby udzielonych odpowiedzi

Procent ludzi z każdym wynikiem

Twoja historia wyników

Nie rozwiązałeś tego quizu od ostatniego zresetowania